000 00510 a2200169 4500
005 20250404111719.0
020 _a0-07-232058-3
082 _a519.502 BOW
100 _aBOWERMAN, B.L.
245 _aBusiness Statistics in Practice.
250 _a2nd Ed.
260 _aNew York,
_bMcgraw-Hill Irwin
_c2001.
300 _axxiii,856p.: Ill.; figures, & tables.
_bIndex.
_c28cm.
700 _aO'CONNELL, R.T. & HAND, M.L.
856 _yAccess Online Book
_fBusiness statistics
_dwww.mhhe.com
942 _2ddc
_cBKS
999 _c1145
_d1145